Normal view
MARC view
- Du Bois, W. E. B.
Entry Personal Name
001 - CONTROL NUMBER
- control field: 8112
003 - CONTROL NUMBER IDENTIFIER
- control field: NUST
005 - DATE AND TIME OF LATEST TRANSACTION
- control field: 20180110111211.0
008 - FIXED-LENGTH DATA ELEMENTS
- fixed length control field: 180110|| aca||aabn | a|a d
040 ## - CATALOGING SOURCE
- Original cataloging agency: NUST
- Transcribing agency: NUST
100 ## - HEADING--PERSONAL NAME
- Personal name: Du Bois, W. E. B.
- Fuller form of name: (William Edward Burghardt),
- Dates associated with a name: 1868-1963
- General subdivision: Political and social views.
670 ## - SOURCE DATA FOUND
- Source citation: Work cat.: (NUST)0: Carroll, Rebecca. 8110, Saving the race :, 2004.
